Statistics for All-Time Premier League Stat Leaders- Players (#1)

Click here to take the quiz!

General Stats

  • This quiz has been taken 95 times
  • The average score is 8 of 12

Answer Stats

MostPlayer(s)Amount% Correct
GoalsAlan Shearer260
85%
Clean SheetsPetr Čech202
77%
Goals in a Single Season (38-Games)Mohamed Salah32
73%
TitlesRyan Giggs13
73%
AssistsRyan Giggs162
72%
Freekicks ScoredDavid Beckham18
70%
Consecutive Games Scored inJamie Vardy11
70%
ApperancesGareth Barry653
63%
Hat-tricksSergio Agüero12
62%
Golden Boot AwardsThierry Henry4
60%
Headers ScoredPeter Crouch53
57%
Own GoalsRichard Dunne10
35%

Score Distribution

Percentile by Number Answered

Percent of People with Each Score

Your Score History

You have not taken this quiz